Municipalités de la CMM sur une carte - Statistiques

Statistiques générales
  • Ce quiz a été pris 117 fois
  • Le résultat moyen est 32 sur 83
Réponses sur la Carte
Les réponses sont colorées sur une échelle allant du rouge au vert en fonction du pourcentage des utilisateurs qui les ont devinées à leur premier essai. Vous pouvez retrouver ces pourcentages ci-dessous.
 
Statistiques - réponses
Municipalités % Correct
Montréal
100%
Laval
93%
Longueuil
82%
Mont-Royal
75%
Westmount
71%
Brossard
68%
Dorval
68%
Montréal-Est
68%
Pointe-Claire
66%
Boucherville
64%
Mirabel
63%
Vaudreuil-Dorion
63%
Saint-Bruno-de-Montarville
57%
Saint-Lambert
57%
Kirkland
55%
Montréal-Ouest
55%
Repentigny
55%
Terrebonne
55%
Châteauguay
52%
Oka
52%
Sainte-Anne-de-Bellevue
52%
Saint-Eustache
52%
Beaconsfield
50%
Côte-Saint-Luc
50%
Hampstead
50%
Mont-Saint-Hilaire
50%
Chambly
48%
Beloeil
46%
Mascouche
46%
Sainte-Julie
46%
Blainville
45%
Candiac
45%
L'Assomption
45%
L'Île-Perrot
45%
Sainte-Catherine
45%
Baie-D'Urfé
43%
Hudson
43%
La Prairie
41%
Sainte-Thérèse
41%
Varennes
41%
Boisbriand
39%
Dollard-Des Ormeaux
39%
Rosemère
39%
Deux-Montagnes
38%
Saint-Constant
38%
Delson
34%
Lorraine
34%
Senneville
34%
Beauharnois
32%
Charlemagne
32%
L'île-Dorval
32%
Carignan
30%
Sainte-Marthe-sur-le-Lac
30%
Verchères
30%
Pointe-Calumet
29%
McMasterville
27%
Saint-Basile-le-Grand
27%
Saint-Lazare
27%
Saint-Mathieu
27%
Bois-des-Fillion
25%
Notre-Dame-de-l'île-Perrot
25%
Contrecoeur
23%
Mercier
23%
Otterburn Park
21%
Pincourt
21%
Richelieu
21%
Saint-Philippe
20%
Léry
18%
Saint-Amable
18%
Sainte-Anne-des-Plaines
18%
Vaudreuil-sur-le-Lac
18%
Les Cèdres
16%
Terrasse-Vaudreuil
16%
Saint-Mathieu-de-Beloeil
13%
Kanesatake
11%
L'île-Cadieux
11%
Saint-Isidore
11%
Saint-Joseph-du-Lac
11%
Saint-Mathias-sur-Richelieu
11%
Saint-Sulpice
11%
Calixa-Lavallée
5%
Pointe-des-Cascades
5%
Saint-Jean-Baptiste
4%
Aucun quiz correspondant
Distribution des résultats
% des personnes avec chaque résultat
Percentile par nombre de réponses
Votre historique - résultats
Vous n’avez pas pris ce quiz